| 000 | 03232cam a22005894i 4500 | ||
|---|---|---|---|
| 001 | u51490 | ||
| 003 | PE-LiUPU | ||
| 005 | 20250731180148.0 | ||
| 008 | 150706s2010 sp a r 000 0 spa d | ||
| 020 | _a9788492970018 | ||
| 035 | _a(Sirsi) i9788492970018 | ||
| 040 |
_aPE-LiUPU _bspa _cPE-LiUPU _erda |
||
| 049 | _aPRUA | ||
| 082 | 0 | 4 |
_a536.7 _bZ86 _221 |
| 100 | 1 |
_aZueco Jordán, Joaquín, _eautor. |
|
| 245 | 1 | 0 |
_a100 problemas resueltos de termodinámica aplicada / _cJoaquín Zueco Jordán. |
| 246 | _aCien problemas resueltos de termodinámica aplicada | ||
| 264 | 1 |
_aMadrid : _bBellisco, _c2010. |
|
| 300 |
_a304 páginas : _bilustraciones ; _c24 centimetros. |
||
| 336 |
_atext _2rdacontent |
||
| 337 |
_aunmediated _2rdamedia |
||
| 338 |
_avolume _2rdacarrier |
||
| 490 | 0 | _aBiblioteca técnica universitaria. Sección Termodinámica | |
| 505 | 0 | _aEn esta obra se presenta una colección de 100 problemas de Termodinámica aplicada, cuidadosamente elegidos y revisados, para estudiantes de primer o segundo año universitario -- Los aspectos tratados en los mismos son los siguientes: Primer principio para sistemas cerrados -- Primer principio para sistemas abiertos -- Propiedades de las sustancias puras -- Segundo principio para sistemas cerrados -- Segundo principio para sistemas abiertos -- Análisis transitorio: llenado y viciado de depósitos -- Análisis exergético -- Aplicaciones de los principios de la termodinámica en ciclos termodinámicos -- Balance de materia y energía en procesos reactivos -- Procesos de combustión incompleta -- Balance de materia y energía en el aire húmedo -- Procesos psicrométricos: deshumidificación, humidificación, enfriamiento evaporativo, mezcla adiabática de corrientes de aire y torres de refrigeración -- Relaciones entre propiedades termodinámicas. | |
| 526 | _aSEG44 | ||
| 526 | _aSEG26 | ||
| 526 | _aP159 | ||
| 526 | _aP155 | ||
| 526 | _aP154 | ||
| 526 | _aP153 | ||
| 526 | _aP150 | ||
| 526 | _aP100 | ||
| 526 | _aP31 | ||
| 526 | _aP30 | ||
| 526 | _aP26 | ||
| 526 | _aP25 | ||
| 526 | _aP24 | ||
| 526 | _aP22 | ||
| 526 | _aP15 | ||
| 526 | _aP10 | ||
| 541 | _g015-0014332; | ||
| 596 | _a1 2 | ||
| 650 | 0 | 4 |
_aTermodinámica _vProblemas, ejercicios, etc. |
| 910 |
_agl _bjv _clch _d20121014 |
||
| 942 |
_2ddc _cBOOK |
||
| 994 |
_aC0 _bPEPRU |
||
| 949 |
_a536 Z82 2010 _wDEWEY _c1 _iFT02681 _lCCODEBUT1 _mBUT _p45.00 _r0 _sY _tBOOK _u2016-2-24 _xINGENIERIA _PP24 _0COMPRA _o.STAFF. Colección General |
||
| 949 |
_a536.7 Z86 _wDEWEY _c1 _i65541 _d2018-4-23 _e2017-9-22 _f2018-2-12 _g4 _lCCODEBUL1 _mBUL _n5 _p47.00 _q2 _r0 _sY _tBOOK _u2015-7-6 _xINGENIERIA _PP24 _0COMPRA _o.STAFF. Colección Ingeniería y Arquitectura |
||
| 999 |
_a536.7 Z86 _wDEWEY _c54020 _i65541 _d54020 _e2017-9-22 _f2021-11-9 _g7 _lCCODEBUL1 _mBUL _n5 _p47.00 _q4 _r0 _sY _tBOOK _u2015-7-6 _xINGENIERIA _PP24 _0COMPRA _o.STAFF. Colección Ingeniería y Arquitectura |
||
| 999 |
_a536 Z82 2010 _wDEWEY _c1 _iFT02681 _f2019-2-20 _g1 _lCCODEBUT1 _mBUT _p45.00 _r0 _sY _tBOOK _u2016-2-24 _xINGENIERIA _PP24 _0COMPRA _o.STAFF. Colección General |
||
| 980 |
_81 _gALBERTO SANCHEZ Responsable de Automatización |
||